000 00643nam a2200229 i 4500
001 C2-0289472
003 PPAK
005 20180728022245.0
008 080819s xx |||| ||||| | may d
040 _aPPAK
_beng
_cPPAK
_erda
082 0 4 _a915.95
_223
090 0 0 _a915.95
_bMEO
_dKK
100 0 _aMeor Mohd Khairi Idris,
_eauthor
245 1 0 _aJimat belanja bercuti ke Langkawi
300 _a[6 pages] ;
_c30 cm
336 _2rdacontent
_atext
337 _2rdamedia
_aunmediated
338 _2rdacarrier
_avolume
500 _aPetikan dari majalah Libur Disember 2007
650 1 0 _aMalaysia - Description and travel.
942 _ddc
_cB
999 _c94895
_d94895